00677nam a22002177a 4500003000500000005001700005008004100022010001000063011001000073020001900083035001100102040000900113110000800122245019200130260002400322300001000346650003100356650002100387650002300408650002800431CHAP20220817044147.0070424d2006 it rn 00110 eng d a93538 a94510 a978 9251055779 a105101 cCHAP2 aFAO10aBenefits and potential risks of the lactoperoxidase system of raw milk preservation :breport of an FAO/WHO technical meeting FAO headquarters, Rome, 28 november-2 december, 2005c/by FAO aRome :bFAO,c2006. a52 p.14aAlimentosxPreservación.14aLactoperoxidasa.14aLechexAnálisis.14aLechexMicrobiología.